[Event "Yopal"]
[Site "Yopal"]
[Date "1997.06.29"]
[Round "9"]
[White "Garcia, Gildardo"]
[Black "Zapata, Alonso"]
[Result "1/2-1/2"]
[WhiteElo "2485"]
[BlackElo "2515"]
[Annotator "Ribli,Z"]
[PlyCount "101"]
[EventDate "1997.06.20"]
[EventType "tourn"]
[EventRounds "9"]
[EventCountry "COL"]
[EventCategory "12"]
[SourceTitle "CBM 060"]
[Source "ChessBase"]
[SourceDate "1997.09.29"]
[SourceVersion "1"]
[SourceVersionDate "1997.09.29"]
[SourceQuality "1"]

1. e4 c5 2. Nf3 e6 3. Nc3 a6 4. d4 cxd4 5. Nxd4 Qc7 6. Be2 b5 {Eine scharfe,
aber gut spielbar Fortsetzung. Der Zug 6...Nc6 führt zu Hauptvariante.} 7. O-O
Bb7 8. Bf3 (8. Re1 $5) 8... Nc6 (8... Nf6 $2 9. e5 $16) 9. Nxc6 (9. Re1 Bd6 10.
g3 Nxd4 11. Qxd4 Be5 12. Qd3 Ne7 $10 {Panchenko,A-Miles,A/Las Palmas/1978/
INF25,379/}) 9... dxc6 {Das ist die Ausnahme! Normalerweise muß Schwarz in der
Paulsen-Variante mit dem Läufer zurückschlagen. Aber jetzt kann Weiß nicht den
thematischen Zug 10.f4 spielen. In der Partie kommt Schwarz zu e6-e5 und mit
einfachen Zügen hält er das Gleichgewicht.} 10. a4 {Weiss provoziert den
schwarzen Damenfluegel.Nach 10...b4 kommt immer Nb1-d2-c4 mit Positionsvorteil
fuer Weiss.Ribli.} (10. Qe2 Ne7 (10... Bd6 11. g3 Ne7 12. Bg2 O-O 13. f4 (13.
Be3 e5 14. Rad1 Rad8 15. Rd2 Bc8 16. Rfd1 Bb4 17. Rxd8 Rxd8 18. Rxd8+ Qxd8 19.
Qd1 Qxd1+ 20. Nxd1 Be6 21. b3 Ba3 22. Kf1 c5 {Swiecik,I-Spassov,L/Sitges op
1992/0-1 (48)}) 13... Bc5+ 14. Be3 Bxe3+ 15. Qxe3 Rad8 16. Rad1 c5 17. Qf2 f6
18. Ne2 e5 {Roese,O-Meier,V/BL9192 1992/0-1 (46)}) 11. g3 Ng6 12. Bg2 h5 13. h4
Ne5 14. Bf4 g6 15. Rfe1 Bg7 16. Nd5 cxd5 17. exd5 f6 18. Bxe5 fxe5 19. d6 Qd7
20. Bxb7 Qxb7 21. d7+ Qxd7 22. Qf3 Rc8 23. Rad1 Qc6 24. Qd3 Kf7 {0-1
Shakhnazarov,O-Gurevich,I/Reno op 1992 (32)}) (10. Re1 Bd6 (10... Ne7 11. Qe2
Ng6 12. e5 Bc5 13. Qe4 Qb6 14. Be3 Bxe3 15. Qxe3 Qxe3 16. Rxe3 O-O-O 17. g3 c5
{1/2-1/2 Wach,M-Horvath,C/AUT-chT 1996}) 11. g3 Be5 12. Be3 Nf6 13. Qe2 O-O 14.
Bg2 c5 15. Bd2 Rad8 $15 16. Rad1 Rd7 17. Bc1 Rfd8 {0-1 Eismont,O-Korneev,O/
RUS-Cup3 1996 (45)}) 10... Nf6 11. Re1 (11. axb5 axb5 12. Rxa8+ Bxa8 13. g3 Be7
14. Qe2 e5 15. Be3 O-O {1/2-1/2 Van der Wiel,J-Christiansen,L/Antwerpen 1993 
(38)}) (11. Qe2 e5 12. Rd1 (12. Bg5) 12... Be7 13. Be3 O-O 14. a5 Bc8 15. Nb1
Be6 16. Nd2 Bb4 17. Bb6 Qe7 {0-1 Rohl,J-Zapata,A/II Open, Ubeda ESP 1997 (49)})
11... e5 $11 {[%csl Rf3] Der Entwicklungsvorteil des Weißen hat in dieser
Stellung keine Bedeutung. Ich bemerke, daß der Läufer auf f3 schlecht steht.
Schwarz hat eine bequeme Stellung.} 12. Qe2 Be7 13. g3 {[%cal Gf3g2] Es ist
eine Seltenheit in der Sizilianischen Eröffnung, daß die Stellung geschlossen
bleibt. Beide Spieler verbessern ihre Stellung jetzt mit kleinen
Positionszügen.} O-O 14. Bg2 Rad8 15. Be3 Bb4 $15 {[%csl Gb4] Schwarz hat das
bessere Figurenspiel in dieser symmetrischen Stellung, weil er am Damenflügel
aktiver steht.} (15... b4 $6 16. Nb1 {[%csl Gc4][%cal Gb1d2,Gd2c4]}) 16. f3 Qe7
17. Qf2 Bc8 {[%cal Gc8e6] Schwarz verbessert seine Läuferstellung. Es ist wahr,
daß der Läufer keine große Zukunft auf b7 hatte.} 18. Reb1 (18. Bb6 Rd6 (18...
Rd7)) 18... Be6 19. axb5 axb5 {[%cal Ga1a8]} 20. Ra6 $11 {Weiß entwickelt
einige Aktivität auf der a-Linie, so daß die Stellung beiden Spielern gleiche
Chancen bietet.} Qb7 21. Ra7 Qb8 22. Rba1 (22. Ra6 Qb7 $11 (22... Rd6 23. Bc5 (
23. Na2 {[%csl Rb4]} Bxa2 24. Rxa2 $11 {Das weiß Läuferpaar ist ohne große
Bedeutung, weil die Stellung geschlossen ist.}) 23... Bxc5 24. Qxc5 $11)) 22...
Rd7 23. R7a6 (23. Ra8 $2 Qxa8 $1 (23... Qb7) 24. Rxa8 Rxa8 $17 {[%csl Ga8,Gd7]
[%cal Gd7d1,Ga8a1] Und beide Tuerme stehen aktiv in den offenen Linien,
während die weiße Dame nicht so beweglich ist.}) 23... Rfd8 24. Bb6 (24. h3 $5
{Mit diesem Zug macht Weiß ein Schlupfwinkel für seinen König.}) (24. Rxc6 Bxc3
25. Rxc3 Rd1+ 26. Rxd1 Rxd1+ 27. Bf1 Bh3 $19) 24... Bxc3 $5 {Das ist die
einzige Möglichkeit, das Spiel zu komplizieren.} (24... Rc8 25. Be3 $11) 25.
Bxd8 (25. bxc3 Rd1+ (25... Rd2 26. Bxd8 (26. Qe3) 26... Rxf2 27. Ra8 $18 (27.
Kxf2 $2 Qxd8 28. Ra8 Bc8 $19)) 26. Bf1 (26. Rxd1 $2 Rxd1+ 27. Bf1 Bh3 $19)
26... Rxa1 (26... Bc4 27. Bxd8 $18) 27. Rxa1 $11) 25... Bd4 (25... Bxb2 $6 26.
Ra8 $16) 26. Bxf6 gxf6 $5 (26... Bxf2+ {Die Spannung aufzulösen, hilft Weiß.}
27. Kxf2 gxf6 28. Ra8 $11) 27. Ra8 Qxa8 28. Rxa8+ Kg7 29. Qxd4 $8 (29. c3 Bxf2+
30. Kxf2 Rd2+ {[%csl Gd2][%cal Rd2b2,Rd2h2]}) 29... Rxd4 30. Ra1 Rd2 $17 {
Der aktive schwarze Turm paralysiert die weiße Stellung.Weiß kann nur warten,
aber Chancen auf Gegenspiel hat er nicht.} 31. Rc1 f5 $6 {Dieser aktive Zug
hilft Weiß die Diagonale für den Läufer zu öffnen. Natürlich steht Schwarz
auch nach diesem Zug vorteilhaft, aber nach meiner Meinung gibt es bessere
Züge.} (31... c5 $5 {Mit der Idee c5-c4. Schwarz kann noch mehr Raum gewinnen.}
) (31... Kf8 {[%cal Gf8e7,Ge7d6,Gd6c5] Und das Vorgehen des Königs ist
gefährlich für Weiß.}) 32. f4 $8 $15 {[%cal Gg2c6]} exf4 (32... fxe4 33. Bxe4
c5 34. fxe5 Re2 35. Bd3) 33. exf5 Bd5 (33... Bxf5 34. Bxc6 fxg3 35. hxg3 b4 $15
(35... Rxc2 36. Rxc2 Bxc2 $11)) 34. Bxd5 Rxd5 {Weiß hat einen passiven Turm
und einen passiven König im Turmendspiel. Das Material ist aber so stark
reduziert, daß er einige Rettungchancen besitzt.} 35. c4 $1 Rd2 (35... Rc5 $5
36. gxf4 Kf6 {[%csl Gc5,Gf6] Die schwachen weißen Bauern haben bewirkt, daß
Schwarz einen aktiven König und einen aktiven Turm hat.}) (35... Rxf5 36. cxb5
cxb5 37. Rf1 f3 38. Kf2 $11 {[%csl Rf3][%cal Gf2e3,Gf1f3]}) 36. cxb5 cxb5 37.
b3 fxg3 38. hxg3 Rd3 {[%csl Rb3,Gd3,Rg3][%cal Rd3g3,Rd3b3]} 39. Kg2 Rxb3 40.
Rc6 $1 {[%csl Gc6] Dieser aktive Turmzug rettet die Partie. Ohne König kann
Schwarz nicht gewinnen, obwohl er einen Bauern mehr hat.} Re3 (40... Rb2+ 41.
Kh3 b4 42. Rb6 {[%csl Gb6,Rg7] Der schwarze Turm allein, ohne Hilfe des Königs,
kann nicht gewinnen.}) 41. Rb6 Re5 42. g4 Rc5 43. Kg3 {[%csl Gb6,Gg3,Rg7]} h5
$5 {Das ist die einzige Möglichkeit, aktives Spiel zu erlangen.} 44. gxh5 Rxf5
45. h6+ Kg8 46. Kg4 $11 Rc5 47. Kf4 {Die weiße Aktivität kompensiert das
Bauernminus.} Rd5 48. Kg4 {Mit einfachen Wartezügen kann Weiß das Remis
erreichen.} Kh7 49. Kf4 Rh5 50. Kg4 Rxh6 51. Rxb5 {Und in dieser Remisstellung
- Punktteilung.} 1/2-1/2

[Event "Dortmund SuperGM 25th"]
[Site "Dortmund"]
[Date "1997.07.09"]
[Round "5"]
[White "Topalov, Veselin"]
[Black "Short, Nigel D"]
[Result "1/2-1/2"]
[WhiteElo "2745"]
[BlackElo "2660"]
[Annotator "Ribli,Z"]
[PlyCount "85"]
[EventDate "1997.07.04"]
[EventType "tourn"]
[EventRounds "9"]
[EventCountry "GER"]
[EventCategory "18"]
[SourceTitle "CBM 060"]
[Source "ChessBase"]
[SourceDate "1997.09.29"]
[SourceVersion "1"]
[SourceVersionDate "1997.09.29"]
[SourceQuality "1"]

1. e4 c5 2. Nf3 e6 3. Nc3 {Der prinzipielle Zug ist 3.d4,aber der Textzug ist
auch moeglich.Auf diese weise Weiss kann z.B. der Sizilianische Angriff -
erreichbar nach 1.e4 c5 2.Nf3 e6 3.d4 cxd4 4.Nxd4 Nf6 5.Nc3 Bb4 - zu vermeiden,
als jetzt nach 3...Nf6 kommt 4.e5.Ribli.} a6 (3... Nc6 4. Bb5) 4. d4 cxd4 5.
Nxd4 b5 {Eine agressive Fortsetzung.Schwarz macht noch einen Bauernzug am
Damenfluegel,und gibt Entwicklungsvorspung fuer Weiss,aber gewinnt Raum am
Damenfluegel,und in einigen Varianten droht b5-b4.Ribli.} (5... d6 {Das ist
ein interessantes System - aehnlich zur Najdorf-Variante,und es kann fuer
Schwarz vorteilhaft sein,das er hat noch nicht seine Springer entwickelt,und
auf diese weise sein Koenigsfluegel ist nicht so leicht angriffbar.Ribli.}) 6.
g3 Bb7 7. Bg2 Nf6 8. a3 (8. O-O b4 9. Nd5 (9. Na4 Bxe4 (9... Nxe4 10. Re1 d5
11. c4 bxc3 12. bxc3 Bd6 13. Rb1 Qc7 14. Qb3 Ra7 15. Be3 Bc8 16. c4 Rb7 17. Qc2
Rxb1 18. Rxb1 e5 19. cxd5 Qxc2 20. Nxc2 Bf5 {Barczay,L-Votava,J/Budapest FS09
GM 1995/0-1 (87)}) 10. Bxe4 Nxe4 11. Re1 d5 12. Nxe6 fxe6 13. Qh5+ g6 14. Qe5
Qf6 15. Rxe4 Qxe5 16. Rxe5 Kf7 17. Re3 Nd7 18. Rf3+ Kg7 19. b3 Rc8 20. Bb2+ e5
21. Rd3 d4 22. f4 Rxc2 23. fxe5 Nc5 {1/2-1/2 Barczay,L-Korpics,Z/tt_HUN 1996 
(32)}) (9. e5 Bxg2 10. Kxg2 bxc3 11. exf6 Qxf6 12. bxc3 Be7 13. Rb1 O-O 14. Rb7
Rc8 {0-1 Jober,R-Ilijin,N/SLO-chT sf 1996 (33)}) 9... exd5 10. exd5 Bc5 11.
Re1+ Kf8 12. Bf4 (12. Nf5 d6 13. Bf4 Bc8 14. Nd4 Qb6 15. Qe2 h6 16. Nb3 Nbd7
17. a3 Bb7 18. axb4 Bxb4 19. c3 Bc5 {0-1 Marinkovic,S-Cabrilo,G/Belgrade 1991 
(25)}) 12... h6 13. c3 Qb6 14. Be5 d6 15. Bxf6 gxf6 16. Nf5 Bxf2+ 17. Kh1 Bxe1
18. Qg4 Rg8 19. Qe4 Qd8 20. Rxe1 Rg5 {0-1 Felix,V-Rehorek,M/Sumperk op 1990 
(31)}) (8. Qe2 b4 (8... Nc6 9. Nxc6 Bxc6 10. Nd5 (10. O-O b4 11. e5 Bxg2 12.
Kxg2 bxc3 13. exf6 Qxf6 14. Qe4 Qd8 15. bxc3 Be7 16. Rd1 O-O 17. c4 Rb8 18. Bf4
Rb4 19. a3 Rb2 20. Bc1 Rb8 21. Bf4 Rb2 22. Bc1 {1/2-1/2 De la Villa Garcia,
J-Strikovic,A/San Sebastian op 1994}) 10... Rc8 11. O-O Bc5 12. Bg5 h6 13.
Nxf6+ gxf6 14. Bf4 h5 15. h4 Qb6 16. e5 Bd4 {Marinkovic,I-Pekarek,A/Biel op
1989/1/2-1/2 (50)}) (8... Qb6 9. Nb3 d6 10. O-O Nbd7 11. a4 b4 12. a5 Qc7 13.
Na2 d5 14. Bf4 Qc4 15. Qxc4 dxc4 16. Nd2 Rc8 17. c3 bxc3 18. Nxc3 Ng4 19. Bf3
Nge5 20. Be2 Bc5 21. Ra4 Bc6 22. Ra2 Bb7 23. Ra4 Bc6 24. Ra2 Bb7 {1/2-1/2
Kraut,R-Kveinys,A/Marbach 1994}) 9. Na4 Qa5 (9... d5 10. Bg5 Be7 11. exd5 (11.
e5 Nfd7 12. Bxe7 Qxe7 13. f4 O-O 14. O-O Nc6 15. Nb3 a5 16. Qf2 Ba6 17. Rfd1
Bb5 {0-1 Boudre,J-Abramovic,B/Paris-ch 1988 (31)}) 11... Bxd5 12. O-O-O Qa5 13.
f4 Nbd7 14. b3 Bxg2 15. Qxg2 Qd5 16. Qxd5 Nxd5 17. Bxe7 Nxe7 18. Rhe1 {1-0
Kupreichik,V-Sax,G/Münster op 1996 (42)}) 10. b3 Nc6 11. Be3 Nxd4 12. Bxd4 Qb5
13. Qd3 Be7 14. O-O e5 15. Be3 d5 16. exd5 Bxd5 17. c4 {1/2-1/2 Hellers,
F-Kengis,E/Skolernes Skakklub 1997}) 8... d6 (8... Nc6 9. O-O Qc7 10. Be3 Ne5
11. Nde2 Be7 12. h3 O-O 13. g4 d5 14. exd5 Rfd8 {0-1 Pazos,P-Blanco Fernandez,
A/Manzanillo 1991 (28)}) 9. O-O Qc7 {Schwarz muss den Laeufer auf b7 decken.
Ribli.} (9... Be7 $2 10. e5 Bxg2 (10... dxe5 11. Bxb7 Ra7 12. Nxe6 (12. Bc6+
Kf8 13. Ndxb5 axb5 14. Bxb5 $16) 12... fxe6 13. Bg2 $16) 11. exf6 Bxf1 12. fxe7
Qxe7 13. Qxf1 $16 {Und Weiss hat Materialsvorteil.Ribli.}) 10. Re1 (10. f4 Nc6
11. Nxc6 Bxc6 12. Qe2 Be7 13. Be3 O-O 14. Rad1 Rfe8 {1/2-1/2 Kveinys,A-Espig,L/
Muenster op 1993 (46)}) (10. Kh1 Nbd7 11. f4 Rc8 12. Nb3 {1/2-1/2 Tompa,
J-Kubacsny,L/HUN tt Elektromos-Balatonalmádi 1997 (41)}) 10... Be7 11. a4 $5
$13 {Einen interessanter Zug.Weiss spielt noch eine Zug mit dem a-Bauern in
der Eroeffnung,was ist gewoenlich nicht zu empfehlen,aber die Sizilianisch ist
so konkret,das alles ist moeglich.Ribli.} (11. g4 h6 12. h4 g6 13. g5 hxg5 14.
hxg5 Nh5 15. Nde2 Nc6 16. Be3 Ne5 17. Qd4 f6 {0-1 Mueller,K-Bologan,V/Oakham
1992 (31)}) 11... b4 (11... bxa4 12. Rxa4 (12. Nxa4 O-O) 12... Nbd7) 12. Na2
O-O 13. Bg5 (13. Nxb4 d5 {[%csl Re4][%cal Re7b4] Nach diesem Zug Schwarz
bekommt den e4-Bauern.Ribli.} 14. c3 dxe4 $13 (14... Nxe4)) 13... Nbd7 14. Qd2
(14. Nxb4 d5 $13 15. exd5 $2 Bxb4 16. dxe6 Bxe1) 14... a5 {Eine schwere
Entscheidung,als der Punkt b5 wird schwach,aber Schwarz hat nichts besseres.
Ribli.} (14... d5 15. exd5 Bxd5 (15... Nxd5 16. Bxe7 Nxe7 17. Nxb4 Bxg2 18.
Kxg2 Qb7+ 19. Kg1 Rab8 20. c3 a5 21. Nd3 $16) 16. Bxd5 $1 (16. Nxb4 Bxg2 17.
Kxg2 Qb7+ 18. Nbc6 (18. Ndc6 $2 Bxb4 $19) 18... Nb8 19. Qc3 Rc8 20. Qb3) 16...
Nxd5 17. Bxe7 Nxe7 18. Nxb4 $16) 15. Nb5 {[%csl Gb5]} Qb6 16. c3 (16. Be3 Nc5)
16... Nc5 {[%csl Rb3][%cal Gc5b3,Gc5e4]} (16... bxc3 17. Naxc3 $14 {[%csl Gb5]}
) 17. Bxf6 gxf6 (17... Bxf6 $5 18. Qxd6 Nxa4 (18... Qxd6 19. Nxd6 $16) 19. Qxb6
Nxb6) (17... Nb3 $2 18. Qd1 Nxa1 (18... Bxf6 19. Qxb3 $18) 19. Bxe7 $18) 18.
Nd4 bxc3 19. Nxc3 {Schwarz hat Laeuferpaar,aber der e7-Laeufer steht noch
nicht gut.Schwarz kontrolliert der Punkt b4,aber die b5-Schwachung ist mehr
gefuehlbar,und die schwarze Koenigsstellung ist erschwaecht,aber es ist nicht
leicht zu benutzen.Ribli.} Rab8 (19... Rad8 $5) 20. Ncb5 Rfd8 21. Qh6 {[%csl
Rg8,Gh6]} d5 $132 {Nach diesem Zug,der bis jetzt ein wenig passiv Schwarz hat
auch seine Chancen.Ribli.} 22. e5 (22. exd5 Bxd5 23. Bxd5 (23. Nf5 $2 Bf8 24.
Qxf6 exf5) 23... Rxd5 $13) 22... Nd7 $1 {Ein guter Verteidigungszug,wonach
Schwarz hat keine Sorgen am Koenigsfluegel.Ribli.} (22... f5 $2 23. Nxf5 $16 {
[%cal Gh6b6]}) (22... fxe5 23. Rxe5 {[%cal Ge5h5]}) 23. exf6 Bxf6 24. Rad1 Bg7
25. Qh4 Rbc8 $15 {Schwarz hat feste Zentrumstellung,Laeuferpaar,aber sein
Koenigsfluegel ist ein wenig schwach,und Weiss hat eine Festpunkt auf b5.Ribli.
} 26. b3 Nc5 {[%csl Gc5][%cal Gc5e4]} 27. Re3 $5 {Ein kleiner,aber sehr gute
Verteidigungszug von Weiss.Er deckt indirekt das Feld f2.Ribli.} Ne4 {[%cal
Gb6f2,Ge4f2]} 28. Bf1 Ba6 (28... Bf6 29. Qg4+ Kh8) 29. Bd3 f5 (29... Bxd4 30.
Nxd4 Qxd4 (30... Bxd3 31. Rdxd3 (31. Rexd3 e5 {[%csl Rf2]})) 31. Qg4+ Qg7 (
31... Kh8 $2 32. Bxa6 Qb2 33. Rxe4 (33. Re2 $2 Qxb3) 33... dxe4 34. Bxc8 Rxc8
35. Qxe4 Qxb3 36. Qe5+ Kg8 37. Qg5+ Kf8 38. Rd8+ Rxd8 39. Qxd8+ Kg7 40. Qxa5
$16) 32. Qxg7+ Kxg7 33. Bxa6) 30. Bb1 Rd7 31. Qh5 {[%csl Gh5] Weiss
aktivisiert die Dame,und obwohl Schwarz steht aktiver,sein Koenig ist
angriffbar.Ribli.} Rf7 (31... h6 32. Qg6 {[%csl Gg6,Rg8]}) 32. Nf3 {[%cal
Gf3g5,Gg5f7,Gg5h7]} Bxb5 (32... f4 33. Rxe4 dxe4 34. Bxe4 $44) 33. axb5 h6 (
33... Qxb5 $6 34. Bxe4 fxe4 35. Ng5 (35. Rxe4 $2 {[%cal Gh5b5]} Rxf3 (35...
Qxb3 36. Ng5) 36. Qxf3 dxe4 $17)) 34. Bd3 Rc3 35. Qg6 $11 {[%csl Gg6]} Rf6 (
35... Rxb3 36. Bxe4 Rxe3 37. Bxd5 $44 {Das fuehrt zur Partiefortsetzung.Ribli.}
) 36. Qe8+ Rf8 37. Qg6 Rf6 38. Qe8+ Rf8 39. Qg6 Rxb3 {Endlich Schwarz
entscheidet der Kampf fortsetzen,aber er kann das remis nicht vermeiden.Ribli.}
(39... Rf6 $11) 40. Bxe4 $1 Rxe3 41. Bxd5 {[%csl Gd5,Gg6][%cal Gg6b6]} Rf6 (
41... Re2 42. Nd4 {[%cal Rd4e2,Rd4e6]}) (41... Rc3 42. Bxe6+ (42. Nd4 {[%csl
Re6]}) 42... Kh8 43. Rd7 {[%csl Rh8]}) 42. Qe8+ Rf8 43. Qg6 $11 {Und remis mit
Zugwiederholung.Ribli.} 1/2-1/2